Catálogo

Introducción a la contaminación de suelos / (Registro nro. 67811)

Detalles MARC
000 -LEADER
fixed length control field 01087cam a2200289 i 4500
001 - CONTROL NUMBER
control field 67811
003 - CONTROL NUMBER IDENTIFIER
control field Mx-PuUPA
005 - DATE AND TIME OF LATEST TRANSACTION
control field 20220615101349.0
008 - FIXED-LENGTH DATA ELEMENTS--GENERAL INFORMATION
fixed length control field 180824b2017 sp ad||| |||| 00| 0 spa d
020 ## - INTERNATIONAL STANDARD BOOK NUMBER
International Standard Book Number 9788484767893
040 ## - CATALOGING SOURCE
Original cataloging agency Mx-PuUPA
Language of cataloging spa
Transcribing agency Mx-PuUPA
Modifying agency Mx-PuUPA
Description conventions rda
041 0# - LANGUAGE CODE
Language code of text/sound track or separate title spa
245 1# - TITLE STATEMENT
Title Introducción a la contaminación de suelos /
Statement of responsibility, etc. editor científico, R. Jiménez Ballesta
264 #1 - PRODUCTION, PUBLICATION, DISTRIBUTION, MANUFACTURE, AND COPYRIGHT NOTICE
Place of production, publication, distribution, manufacture Madrid :
Name of producer, publisher, distributor, manufacturer Ediciones Mundi - Prensa,
Date of production, publication, distribution, manufacture, or copyright notice ©2017
300 ## - PHYSICAL DESCRIPTION
Extent xiii, 589 páginas :
Other physical details ilustraciones, gráficas, diagramas, tablas ;
Dimensions 24 cm.
336 ## - CONTENT TYPE
Fuente rdacontent
Content type term texto
Content type code txt
337 ## - MEDIA TYPE
Source rdamedia
Media type term sin medio
Media type code n
338 ## - CARRIER TYPE
Source rdacarrier
Carrier type term volumen
Carrier type code nc
650 #4 - SUBJECT ADDED ENTRY--TOPICAL TERM
Topical term or geographic name entry element Contaminación de suelos
650 #4 - SUBJECT ADDED ENTRY--TOPICAL TERM
Topical term or geographic name entry element Suelos
General subdivision Contaminación
700 1# - ADDED ENTRY--PERSONAL NAME
Personal name Jiménez Ballesta, R.,
Fuller form of name (Raimundo)
Relator term autor
-- editor
9 (RLIN) 7896
942 ## - ADDED ENTRY ELEMENTS (KOHA)
Source of classification or shelving scheme Dewey Decimal Classification
Koha item type Libro
Classification part 631.4
Item part J614
Existencias
Withdrawn status Lost status Source of classification or shelving scheme Damaged status Not for loan Collection code Home library Current library Shelving location Date acquired Total Checkouts Full call number Barcode Date last seen Date last checked out Price effective from Koha item type Source of acquisition Cost, normal purchase price Copy number Cost, replacement price
    Dewey Decimal Classification   Consulta en sala Magisterial Biblioteca Karol Wojtyla Biblioteca Karol Wojtyla Sala general 24/08/2018 1 631.4 J614 2017 61651 05/01/2026 11/04/2024 24/08/2018 Magisterial        
    Dewey Decimal Classification     General Biblioteca Karol Wojtyla Biblioteca Karol Wojtyla Sala general 11/09/2024   631.4 J614 2017 102641 05/01/2026   11/09/2024 Libro 23 1860.22 Ej.2 1860.22
    Dewey Decimal Classification     General Biblioteca Karol Wojtyla Biblioteca Karol Wojtyla Sala general 11/09/2024 1 631.4 J614 2017 102642 05/01/2026 02/02/2024 11/09/2024 Libro 23 1860.22 Ej.3 1860.22